000 00450nam a22001577a 4500
003 CEME
005 20210628204127.0
008 210309b xxu||||| |||| 00| 0 eng d
020 _a0-03-094918-1
040 _c.
082 _a658.8 HUT'B
100 _aSpeh, T. W , Hutt, M. D
_968859
245 _aBusiness marketing management , a strategic view of industrial and organizational markets
260 _aNEWYORK
_bHARTCOURT
_c1995
942 _cBK
_2ddc
999 _c576314
_d576314